Ciudades de la Patagonia argentina que superan los 100.000 habitantes - Estadísticas

Estadísticas generales
  • Esta prueba ha sido intentada 38 veces
  • La puntuación promedio es 6 de 8
Estadísticas de respuestas
Ciudad Población (2022) Toponimia % Correcto
San Carlos de Bariloche 136,381 Unión entre el nombre de un pionero inglés del Nahuel Huapi y la palabra en mapuzungun para "gente de atrás de la montaña".
97%
Neuquén 289,712 Río al este de la ciudad, cuyo nombre significa "agua que tiene fuerza" en mapuzungun.
91%
Río Gallegos 116,000 Río que desemboca en sus cercanías. A su vez, el nombre del piloto que participó del viaje de circunnavegación de la Tierra por Magallanes y Elcano.
91%
Comodoro Rivadavia 201,854 En homenaje al marino que efectuó sondeos en el golfo San Jorge en el año 1892. Nieto de un ex-presidente.
84%
Trelew 106,796 “Pueblo de Luis” en galés, en referencia a uno de los primeros colonizadores.
81%
General Roca 109,366 Dos veces Presidente de la Nación Argentina y comandante de la campaña militar mal llamada "Conquista del Desierto". Algunos vecinos y no-vecinos han propuesto renombrarla Fiske Menuko en un acto de reparación histórica contra el genocidio mapuce.
66%
Puerto Madryn 102,505 Rememora a Love Jones Parry, barón galés que promovió la colonización galesa en la Patagonia.
59%
Cipolletti 105,647 En honor al ingeniero italiano que estudió la cuenca de los ríos Limay, Neuquén y Negro.
53%
No se encontraron pruebas coincidentes
Distribución de puntuación
Porcentaje de gente con cada puntuación
Porcentaje por número respondido
Historial de tus puntuaciones
No has intentado esta prueba.